[Event "SLO-chT2 West"]
[Site "Kranj"]
[Date "2008.10.18"]
[Round "7.4"]
[White "Robba, Barbara"]
[Black "Sindicic, Branko"]
[Result "0-1"]
[WhiteElo "1583"]
[BlackElo "1792"]
[PlyCount "91"]
[EventDate "2008.10.11"]
[EventType "team-swiss"]
[EventRounds "9"]
[EventCountry "SLO"]
[SourceTitle "EXT 2010"]
[Source "ChessBase"]
[SourceDate "2010.11.25"]
[SourceVersion "1"]
[SourceVersionDate "2010.11.25"]
[SourceQuality "1"]
[WhiteTeam "Kranj Tomo Zupan"]
[BlackTeam "Upokojenci Komandant Stane"]
[WhiteTeamCountry "SLO"]
[BlackTeamCountry "SLO"]

1. e4 c6 2. d4 d5 3. exd5 cxd5 4. c4 e6 5. Nc3 Nf6 6. Bg5 Be7 7. Nf3 0-0 8. Bd3 Nc6 9. 0-0 h6 10. Bh4 Nb4 11. a3 Nxd3 12. Qxd3 a6 13. b4 dxc4 14. Qxc4 b5 15. Qd3 Bb7 16. Rad1 Rc8 17. Rd2 Qb6 18. Rfd1 Rfd8 19. Qe3 Ng4 20. Qd3 Bxh4 21. Nxh4 Qc7 22. Qh3 Nxf2 23. Kxf2 Qxc3 24. Qxc3 Rxc3 25. g3 Rxa3 26. Ng2 Rb3 27. Ne3 Rxb4 28. Nc2 Rb3 29. Na1 Rf3+ 30. Ke2 Rc3 31. Kf2 Rdc8 32. h4 b4 33. Rb2 a5 34. Nb3 Rf3+ 35. Ke1 Bd5 36. Nc5 Rxg3 37. Rh2 b3 38. Kf1 Ra8 39. Na4 Ra6 40. h5 Bc6 41. Nb2 a4 42. Nd3 Bb5 43. Rhd2 a3 44. Ke1 Bxd3 45. Rxd3 Rxd3 46. Rxd3 0-1

[Event "SLO-ch qual"]
[Site "Ljubljana"]
[Date "2007.07.14"]
[Round "8"]
[White "Bucan, Luka"]
[Black "Robba, Barbara"]
[Result "1-0"]
[WhiteElo "1500"]
[BlackElo "1547"]
[PlyCount "61"]
[EventDate "2007.07.05"]
[EventType "swiss"]
[EventRounds "9"]
[EventCountry "SLO"]
[SourceTitle "EXT 2010"]
[Source "ChessBase"]
[SourceDate "2010.11.25"]
[SourceVersion "1"]
[SourceVersionDate "2010.11.25"]
[SourceQuality "1"]

1. b3 d5 2. Bb2 Bf5 3. f4 e6 4. Nf3 Nc6 5. e3 Bg4 6. Be2 Nf6 7. 0-0 h6 8. Ne5 Bxe2 9. Qxe2 Nxe5 10. fxe5 Nd7 11. d4 Qg5 12. e4 dxe4 13. Qxe4 0-0-0 14. Rxf7 Qh5 15. Rf3 Be7 16. Bc3 Rhf8 17. Nd2 Rg8 18. Raf1 g5 19. Nc4 g4 20. Na5 c6 21. Rf7 Bg5 22. Nxc6 bxc6 23. Qxc6+ Kb8 24. Bb4 Be3+ 25. Kh1 a5 26. Bd6+ Ka7 27. Rxd7+ Rxd7 28. Qxd7+ Ka6 29. Qc6+ Ka7 30. Bc5+ Kb8 31. Qd7 1-0

[Event "SLO-ch qual"]
[Site "Ljubljana"]
[Date "2007.07.08"]
[Round "5"]
[White "Robba, Barbara"]
[Black "Volcansek, Joze"]
[Result "0-1"]
[WhiteElo "1547"]
[BlackElo "1850"]
[PlyCount "120"]
[EventDate "2007.07.05"]
[EventType "swiss"]
[EventRounds "9"]
[EventCountry "SLO"]
[SourceTitle "EXT 2010"]
[Source "ChessBase"]
[SourceDate "2010.11.25"]
[SourceVersion "1"]
[SourceVersionDate "2010.11.25"]
[SourceQuality "1"]

1. e4 e6 2. d4 d5 3. exd5 exd5 4. c4 Nf6 5. Nf3 c6 6. a3 Be7 7. Bd3 Bg4 8. cxd5 Nxd5 9. Nc3 0-0 10. 0-0 Bf6 11. Be4 Nb6 12. d5 Bxc3 13. bxc3 f5 14. Bc2 cxd5 15. Qd3 Nc6 16. Ng5 Qd7 17. f3 Bh5 18. Bb2 Nc4 19. Rab1 Bg6 20. f4 Rfe8 21. Rf3 Re7 22. Bb3 N6a5 23. Bc2 Rae8 24. Rff1 Re3 25. Qd4 Nc6 26. Qc5 b6 27. Qb5 Nb8 28. Qxd7 Nxd7 29. Nf3 Nxb2 30. Rxb2 Rxc3 31. a4 Rec8 32. Rc1 Nf6 33. Nd4 Be8 34. Rd1 g6 35. h3 R3c4 36. Kh2 Bxa4 37. Bxa4 Rxa4 38. Rbb1 Rcc4 39. Ne2 Ra2 40. Nc1 Rac2 41. Nd3 Rd4 42. Ne1 Rxd1 43. Rxd1 Rc4 44. Nd3 Rd4 45. Kg3 Ne4+ 46. Kf3 Nc5 47. Ke2 Rxd3 48. Rxd3 Nxd3 49. Kxd3 Kf7 50. Kd4 Ke6 51. Kc3 a5 52. g3 b5 53. Kb3 Kd6 54. g4 Kc5 55. gxf5 gxf5 56. h4 h5 57. Kc3 d4+ 58. Kb3 a4+ 59. Ka3 d3 60. Kb2 a3+ 0-1

[Event "SLO-ch qual"]
[Site "Ljubljana"]
[Date "2007.07.07"]
[Round "3"]
[White "Lacic, Marjan"]
[Black "Robba, Barbara"]
[Result "1-0"]
[WhiteElo "2076"]
[BlackElo "1547"]
[PlyCount "58"]
[EventDate "2007.07.05"]
[EventType "swiss"]
[EventRounds "9"]
[EventCountry "SLO"]
[SourceTitle "EXT 2010"]
[Source "ChessBase"]
[SourceDate "2010.11.25"]
[SourceVersion "1"]
[SourceVersionDate "2010.11.25"]
[SourceQuality "1"]

1. e4 e5 2. Nf3 Nc6 3. Bc4 Bc5 4. c3 Nf6 5. d3 d5 6. exd5 Nxd5 7. 0-0 Bg4 8. Nbd2 Nb6 9. Bb5 Qd5 10. Bxc6+ bxc6 11. Ne4 Bd6 12. c4 Qe6 13. c5 f5 14. Nxd6+ cxd6 15. cxb6 e4 16. dxe4 fxe4 17. Nd4 Qg6 18. f3 exf3 19. Qe1+ Kd7 20. Nxf3 axb6 21. Bf4 Ra4 22. Qd2 Kc7 23. Rae1 Rd8 24. Re7+ Kc8 25. Qe3 c5 26. Ne5 Qh5 27. Nf7 Rd7 28. Nxd6+ Kc7 29. Nc4+ Kc6 1-0

[Event "SLO-ch qual"]
[Site "Ljubljana"]
[Date "2007.07.05"]
[Round "1"]
[White "Filip, Matej"]
[Black "Robba, Barbara"]
[Result "1-0"]
[WhiteElo "2050"]
[BlackElo "1547"]
[PlyCount "77"]
[EventDate "2007.07.05"]
[EventType "swiss"]
[EventRounds "9"]
[EventCountry "SLO"]
[SourceTitle "EXT 2010"]
[Source "ChessBase"]
[SourceDate "2010.11.25"]
[SourceVersion "1"]
[SourceVersionDate "2010.11.25"]
[SourceQuality "1"]

1. d4 d5 2. c4 Nf6 3. Nc3 Nc6 4. Nf3 Bf5 5. Qb3 dxc4 6. Qxb7 Bd7 7. Bf4 Rb8 8. Qxc7 Qxc7 9. Bxc7 Rb7 10. Bf4 Rxb2 11. 0-0-0 Rb7 12. d5 Na5 13. Ne5 Bf5 14. f3 Rb6 15. e4 Bd7 16. Nxc4 Nxc4 17. Bxc4 e6 18. Kc2 Ba3 19. Rb1 Bb4 20. Bc7 Rb7 21. d6 0-0 22. Ba6 Rbb8 23. Bxb8 Rxb8 24. Rhd1 Rb6 25. a3 Bxc3 26. Rxb6 Be5 27. Rb8+ Be8 28. Rxe8+ Nxe8 29. d7 Kf8 30. d8Q Bf6 31. Qc8 Ke7 32. Qd7+ Kf8 33. Bb5 g6 34. Qxe8+ Kg7 35. Rd7 Kh6 36. Qxf7 Kg5 37. f4+ Kg4 38. Qxf6 h6 39. Be2# 1-0

[Event "SLO-ch U12 Girls"]
[Site "Murska Sobota"]
[Date "2007.02.27"]
[Round "4"]
[White "Skuhala, Barbara"]
[Black "Robba, Barbara"]
[Result "0-1"]
[WhiteElo "1513"]
[BlackElo "1500"]
[PlyCount "67"]
[EventDate "2007.02.25"]
[EventType "swiss"]
[EventRounds "9"]
[EventCountry "SLO"]
[SourceTitle "CBM 117 Extra"]
[Source "ChessBase"]
[SourceDate "2007.05.09"]
[SourceVersion "1"]
[SourceVersionDate "2007.05.09"]
[SourceQuality "1"]

1. e4 e5 2. Nf3 Nc6 3. Bc4 d6 4. d3 h6 5. c3 Bg4 6. Nbd2 Nf6 7. a3 d5 8. Ba2 dxe4 9. Qb3 Qd7 10. dxe4 Na5 11. Qc2 Bd6 12. b4 Nc6 13. 0-0 0-0 14. c4 Nd4 15. Nxd4 exd4 16. Nf3 Bxf3 17. gxf3 Qh3 18. f4 Qg4+ 19. Kh1 Bxf4 20. Bxf4 Qxf4 21. f3 Rad8 22. Bb1 d3 23. Qg2 Rd4 24. Rg1 g6 25. Qf2 Rfd8 26. Qg2 d2 27. Bc2 Rxc4 28. Ra2 Rxc2 29. Raa1 d1Q 30. Raxd1 Rxd1 31. Qxc2 Qxf3+ 32. Qg2 Qxg2+ 33. Kxg2 Rxg1+ 34. Kxg1 0-1

[Event "SLO-ch U10 Girls"]
[Site "Sentjur"]
[Date "2005.03.02"]
[Round "7"]
[White "Bojc, Dasa"]
[Black "Robba, Barbara"]
[Result "1-0"]
[WhiteElo "1563"]
[BlackElo "1500"]
[PlyCount "53"]
[EventDate "2005.02.26"]
[EventType "tourn"]
[EventRounds "9"]
[EventCountry "SLO"]
[SourceTitle "CBM 105 Extra"]
[Source "ChessBase"]
[SourceDate "2005.05.01"]
[SourceVersion "1"]
[SourceVersionDate "2005.05.01"]
[SourceQuality "1"]

1. e4 e5 2. Nf3 Nc6 3. Nc3 Nf6 4. Bc4 h6 5. d4 exd4 6. Nxd4 Nxd4 7. Qxd4 Be7 8. 0-0 0-0 9. e5 c5 10. Qd1 b6 11. exf6 Bxf6 12. Bd5 Rb8 13. Bf4 d6 14. Ne4 Be7 15. Bb3 Bb7 16. Nxd6 Qd7 17. Bxf7+ Kh7 18. Qd3+ Kh8 19. Bg6 Qc6 20. Be4 Qa4 21. b3 Qd7 22. Nf7+ Rxf7 23. Qxd7 Rd8 24. Qxb7 Re8 25. Bg6 Ref8 26. Bxf7 Rxf7 27. Bd6 1-0

[Event "SLO-ch U10 Girls"]
[Site "Sentjur"]
[Date "2005.03.01"]
[Round "5"]
[White "Pecovnik, Sasa"]
[Black "Robba, Barbara"]
[Result "0-1"]
[WhiteElo "1500"]
[BlackElo "1500"]
[PlyCount "68"]
[EventDate "2005.02.26"]
[EventType "tourn"]
[EventRounds "9"]
[EventCountry "SLO"]
[SourceTitle "CBM 105 Extra"]
[Source "ChessBase"]
[SourceDate "2005.05.01"]
[SourceVersion "1"]
[SourceVersionDate "2005.05.01"]
[SourceQuality "1"]

1. e4 e5 2. Nf3 Nc6 3. Nc3 Nf6 4. Bb5 d6 5. d3 Bd7 6. Bg5 h6 7. Bxf6 Qxf6 8. Bxc6 Bxc6 9. Nd5 Bxd5 10. exd5 c6 11. c4 b5 12. dxc6 bxc4 13. dxc4 Be7 14. 0-0 0-0 15. Qa4 e4 16. Nd2 Qh4 17. h3 d5 18. Qa5 Rfd8 19. Rfe1 Bd6 20. Qxd5 Bb4 21. Qxe4 Qxe4 22. Rxe4 Bxd2 23. Rd1 Rd6 24. Re2 Rad8 25. c7 Rc8 26. Rexd2 Rxd2 27. Rxd2 Rxc7 28. Rd8+ Kh7 29. b3 a5 30. Ra8 Rc5 31. g4 g5 32. a3 h5 33. b4 axb4 34. axb4 Rxc4 0-1